Buteurs Record - Real Madrid - Statistiques

Statistiques générales
  • Ce quiz a été pris 518 fois
  • Le résultat moyen est 10 sur 30
Statistiques - réponses
Buts Matchs Nationalité Joueur % Correct
450 438 Portugal Cristiano Ronaldo
100%
354 648 France Karim Benzema
97%
106 258 Pays de Galles Gareth Bale
84%
323 741 Espagne Raul Gonzalez
78%
278 363 Espagne Alfredo Di Stefano
68%
204 234 Hongrie Ferenc Puskas
68%
111 298 Brésil Vinicius Junior
61%
101 671 Espagne Sergio Ramos
56%
199 268 Mexique Hugo Sanchez
47%
73 95 Espagne Pruden Sanchez
45%
121 264 Argentine Gonzalo Higuain
42%
168 452 Espagne Emilio Butragueno
29%
70 527 Brésil Roberto Carlos
28%
100 272 Espagne Fernando Morientes
26%
103 177 Brésil Ronaldo Nazario
24%
165 551 Espagne Paco Gento
22%
127 601 Espagne Fernando Hierro
21%
77 542 Espagne Guti
17%
101 173 Chili Ivan Zamorano
11%
267 599 Espagne Santillana
9%
156 516 Espagne Pirri
8%
130 543 Espagne Michel
6%
114 376 Espagne Juanito
5%
144 431 Espagne Amancio
4%
79 152 Espagne Hector Rial
2%
101 193 Espagne Luis Molowny
2%
68 82 Espagne Manuel Alday
2%
68 330 Espagne Ramon Grosso
2%
84 167 Espagne Sabino Barinaga
2%
112 131 Espagne Palhino
0%
Aucun quiz correspondant
Distribution des résultats
% des personnes avec chaque résultat
Percentile par nombre de réponses
Votre historique - résultats
Vous n’avez pas pris ce quiz